Los indios del gran suroeste de los Estados Unidos: veinte siglos de adaptaciones culturales

Salvato in:
Dettagli Bibliografici
Autore principale: Weaver, Thomas (Autore)
Natura: Libro
Lingua:spagnolo
Pubblicazione: Madrid MAPFRE 1992
Serie:Colección Indios de América, 10
Soggetti:
Tags: Aggiungi Tag
Nessun Tag, puoi essere il primo ad aggiungerne!!

MARC

LEADER 00000nam a2200000 a 4500
001 UCX6897
003 CL-VaPUC
008 930827e19920000SP |||||||||||||||||spa|d
082 0 4 |a 979.00497  |b WEA  |2 21 
100 0 |a Weaver, Thomas  |e author  |9 323570 
245 1 4 |a Los indios del gran suroeste de los Estados Unidos: veinte siglos de adaptaciones culturales 
300 |a 383 p 
942 |c BK 
945 |d 19930827 00:00:00 
260 |a Madrid  |b MAPFRE  |c 1992 
650 7 |a INDIOS DE ESTADOS UNIDOS HISTORIA  |2 CL-VaPUC  |9 323571 
650 7 |a INDIOS DE AMERICA DEL NORTE HISTORIA  |2 CL-VaPUC  |9 323267 
650 0 |a Antropología demográfica  |9 322343 
583 |a last modification  |c 19930827 00:00:00  |k Rodrigo Vera 
490 0 |a Colección Indios de América, 10 
999 |c 226838  |d 226836 
952 |0 0  |1 0  |4 0  |6 979_004970000000000_WEA_1992  |7 0  |8 A  |9 225454  |a BIBHIS  |b BIBHIS  |d 2019-11-15  |i 2941511  |o 979.00497 WEA 1992  |p 2941511  |r 2025-01-20  |w 2019-11-15  |y BK  |k HIS